000 00194nam a22000857a 4500
003 SGT
245 _aJournal of Oral & Maxillofacial Surgery
260 _bElsevier
_c2012; 2014-2020
942 _2ddc
_cBV
999 _c28258
_d28258